| 000 | 00446cab a2200181 4500 | ||
|---|---|---|---|
| 001 | ABS36905 | ||
| 008 | 090401t1986 xxu||||| |||| 00| 0 eng d | ||
| 035 | _a(Sirsi) u984 | ||
| 041 | _aeng | ||
| 100 | _aJames, J.D. | ||
| 245 | _aCapital allowances and the Finance Act 1985 | ||
| 260 | _c1986 | ||
| 350 | _a0 | ||
| 490 |
_aEstates Gazette _v279 (6300) 6 September 1986, p952-953 (2) |
||
| 690 | _aTAXATION | ||
| 942 | _n0 | ||
| 948 | _c04/03/1997 | ||
| 999 |
_c549 _d549 |
||